[Event "LLWestMV2014-15"]
[Site "?"]
[Date "2014.11.23"]
[Round "3.3"]
[White "Krueger, Gerhard"]
[Black "Schubert, Erik"]
[Result "1-0"]
[WhiteElo "1814"]
[BlackElo "1737"]
[PlyCount "59"]
[EventType "team-tourn"]
[EventRounds "9"]
[WhiteTeam "SF Schwerin IV"]
[BlackTeam "ASV GW Wismar II"]

1. e4 e5 2. Nf3 Nc6 3. d4 exd4 4. Bc4 Bb4+ 5. c3 dxc3 6. bxc3 Ba5 7. O-O d6 8.
Qb3 Qd7 9. Bf4 Kf8 10. Nbd2 Bb6 11. Qc2 Qg4 12. Bg3 f6 13. Kh1 Nge7 14. Nb3 Bd7
15. a4 a5 16. Nbd4 Nd8 17. Rab1 Nec6 18. Bxd6+ Ke8 19. Bg3 h5 20. h3 Qg6 21.
Nh4 Qg5 22. Ndf5 Bxf5 23. exf5 Ne5 24. Qe2 Kd7 25. Bb5+ Kc8 26. Qe4 Ndf7 27.
Bxe5 fxe5 28. Ng6 Nd6 29. Qxe5 Re8 30. Bxe8 1-0

[Event "LLWestMV2014-15"]
[Site "?"]
[Date "2014.11.23"]
[Round "3.4"]
[White "Schmidtke, Wilfried"]
[Black "Pamperin, Gerhard"]
[Result "1/2-1/2"]
[WhiteElo "1630"]
[BlackElo "1791"]
[PlyCount "41"]
[EventType "team-tourn"]
[EventRounds "9"]
[WhiteTeam "ASV GW Wismar II"]
[BlackTeam "SF Schwerin IV"]

1. d4 d5 2. c4 e6 3. Nc3 Nf6 4. e3 c6 5. b3 Bb4 6. Bd2 O-O 7. Nf3 Nbd7 8. Be2
b6 9. O-O Bb7 10. Qc2 Rc8 11. Rac1 Ba3 12. Rcd1 Bd6 13. e4 dxe4 14. Nxe4 Nxe4
15. Qxe4 Nf6 16. Qh4 Qc7 17. Bd3 c5 18. Bg5 h6 19. Bxf6 gxf6 20. Qxh6 f5 21.
Qg5+ 1/2-1/2

[Event "LLWestMV2014-15"]
[Site "?"]
[Date "2014.11.23"]
[Round "3.5"]
[White "Weinstein, Arkadi"]
[Black "Schreiner, Juergen"]
[Result "1-0"]
[WhiteElo "1705"]
[BlackElo "1381"]
[PlyCount "57"]
[EventType "team-tourn"]
[EventRounds "9"]
[WhiteTeam "SF Schwerin IV"]
[BlackTeam "ASV GW Wismar II"]

1. e4 e6 2. d4 d5 3. Nd2 Nf6 4. Bd3 dxe4 5. Nxe4 Nxe4 6. Bxe4 c5 7. Be3 Qb6 8.
Rb1 Nc6 9. Ne2 Be7 10. c3 O-O 11. Qc2 f5 12. Bf3 e5 13. Bd5+ Kh8 14. dxe5 Nxe5
15. O-O g5 16. b4 Qc7 17. bxc5 Ng4 18. Bd4+ Bf6 19. g3 Qg7 20. h3 Ne5 21. Rbd1
Rb8 22. c4 Bd7 23. Qc3 Bc6 24. f4 Ng6 25. fxg5 Bxd4+ 26. Qxd4 Ne5 27. h4 Rbd8
28. Nf4 Ba4 29. Ne6 1-0

[Event "LLWestMV2014-15"]
[Site "?"]
[Date "2014.11.23"]
[Round "3.6"]
[White "Kohn, Friedrich"]
[Black "Lindner, Thomas"]
[Result "1/2-1/2"]
[WhiteElo "1334"]
[BlackElo "1683"]
[PlyCount "101"]
[EventType "team-tourn"]
[EventRounds "9"]
[WhiteTeam "ASV GW Wismar II"]
[BlackTeam "SF Schwerin IV"]

1. e4 e5 2. f4 exf4 3. Nf3 d6 4. Bc4 Nc6 5. O-O Nf6 6. d3 h6 7. Bb5 Bd7 8. Bxc6
Bxc6 9. Nd4 Qd7 10. Bxf4 Be7 11. Nf5 O-O 12. Nxe7+ Qxe7 13. Re1 Qd7 14. Nc3
Rfe8 15. Qd2 Kh7 16. a4 a6 17. Ne2 Rad8 18. b3 Nh5 19. Nd4 b6 20. Nxc6 Qxc6 21.
Rac1 Re6 22. Rf1 f6 23. Be3 g5 24. Qe2 Ng7 25. Qd2 Rde8 26. Bd4 Kg6 27. Qc3
Qxc3 28. Bxc3 a5 29. Rf2 Rf8 30. g4 Ne8 31. Rcf1 Re7 32. Rf5 Ref7 33. b4 axb4
34. Bxb4 Ng7 35. R5f2 Ne6 36. Bc3 Nf4 37. Kh1 Ra8 38. Ra1 h5 39. gxh5+ Nxh5 40.
Rf5 Nf4 41. Bd2 Ne6 42. Be3 Rh8 43. Kg2 Rfh7 44. Rh1 Rh3 45. Rf3 R3h4 46. h3 g4
47. Rg3 f5 48. exf5+ Kxf5 49. Rf1+ Ke5 50. d4+ Ke4 51. Rxg4+ 1/2-1/2

[Event "LLWestMV2014-15"]
[Site "?"]
[Date "2014.11.23"]
[Round "3.7"]
[White "Goettsching, Holger"]
[Black "Moeller, Peter"]
[Result "1/2-1/2"]
[WhiteElo "1693"]
[BlackElo "1372"]
[PlyCount "74"]
[EventType "team-tourn"]
[EventRounds "9"]
[WhiteTeam "SF Schwerin IV"]
[BlackTeam "ASV GW Wismar II"]

1. e4 d5 2. exd5 Qxd5 3. d4 Nf6 4. Nc3 Qd8 5. h3 Bf5 6. Nf3 e6 7. Be3 Bb4 8. a3
Bxc3+ 9. bxc3 Ne4 10. c4 c6 11. Bd3 Qa5+ 12. Nd2 Bg6 13. O-O Nxd2 14. Bxd2 Qd8
15. Qg4 Nd7 16. Rab1 Nf6 17. Qh4 Bxd3 18. cxd3 b6 19. Bg5 h6 20. Bxf6 Qxf6 21.
Qxf6 gxf6 22. d5 cxd5 23. cxd5 Rd8 24. dxe6 fxe6 25. Rfd1 Kf7 26. a4 Rd6 27. a5
Rhd8 28. axb6 Rxb6 29. Rxb6 axb6 30. Rb1 Rb8 31. Rb5 Rd8 32. Rxb6 Rxd3 33. Kf1
e5 34. Ke2 Ra3 35. g4 Ra2+ 36. Kf3 Ra4 37. h4 Rf4+ 1/2-1/2

[Event "LLWestMV2014-15"]
[Site "?"]
[Date "2014.11.23"]
[Round "3.8"]
[White "Madaus, Hans"]
[Black "Schmidt, Wolfgang"]
[Result "1-0"]
[WhiteElo "1316"]
[BlackElo "1631"]
[PlyCount "109"]
[EventType "team-tourn"]
[EventRounds "9"]
[WhiteTeam "ASV GW Wismar II"]
[BlackTeam "SF Schwerin IV"]

1. e4 e5 2. Nf3 Nc6 3. Bc4 Bc5 4. O-O h6 5. Nc3 Nf6 6. a3 O-O 7. b4 Bd4 8. Nxd4
exd4 9. Ne2 Nxe4 10. Bb2 d5 11. Bb5 Qg5 12. Bxc6 bxc6 13. Bxd4 Nxd2 14. f4 Qg4
15. Qxd2 Ba6 16. Rf2 Rfe8 17. Re1 Re6 18. Ng3 Rae8 19. Rxe6 Qxe6 20. h3 Bc4 21.
Rf3 Qg6 22. Re3 Ra8 23. c3 a5 24. Qe1 Kh7 25. Qc1 axb4 26. cxb4 f6 27. Kh2 h5
28. Nf1 Qf5 29. Re1 Bd3 30. Ng3 Qg6 31. Bb2 Bb5 32. f5 Qf7 33. Qe3 h4 34. Nh1
Qh5 35. Qf3 Qxf3 36. gxf3 Rd8 37. Nf2 Kh6 38. Bd4 Kg5 39. Re7 Kxf5 40. Rxg7 Ra8
41. Rf7 Rxa3 42. Rxf6+ Kg5 43. f4+ Kh5 44. Rf8 Rb3 45. Bc5 Kg6 46. Rh8 Kf5 47.
Rxh4 Rb2 48. Rh7 Kxf4 49. Rxc7 d4 50. Rf7+ Ke5 51. h4 Bc4 52. Kg3 d3 53. Rd7
Rb3 54. Ng4+ Ke6 55. Rd6+ 1-0

[Event "LLWestMV2014-15"]
[Site "?"]
[Date "2014.11.23"]
[Round "3.1"]
[White "Mueller, Axel"]
[Black "Dupke, Andreas"]
[Result "1-0"]
[WhiteElo "1923"]
[BlackElo "1772"]
[PlyCount "61"]
[EventType "team-tourn"]
[EventRounds "9"]
[WhiteTeam "Putlitzer SV"]
[BlackTeam "SG Eintracht Neubrandenburg II"]

1. e4 c5 2. Nc3 e6 3. f4 a6 4. Nf3 Nc6 5. Be2 d6 6. O-O Qc7 7. a4 g6 8. Qe1 Bg7
9. d3 Nge7 10. Bd1 O-O 11. Qh4 f5 12. Ne2 c4 13. Kh1 Nb4 14. Ne1 fxe4 15. dxe4
d5 16. c3 Nd3 17. Nxd3 cxd3 18. Ng3 Bf6 19. Qg4 e5 20. Qf3 Qc4 21. exd5 Nf5 22.
Ne4 Nh4 23. Qe3 Bf5 24. Nd2 Qxd5 25. Bb3 Qxb3 26. Nxb3 exf4 27. Qxf4 Rae8 28.
Be3 Re4 29. Qf2 Rg4 30. Nd2 Be7 31. h3 1-0

[Event "LLWestMV2014-15"]
[Site "?"]
[Date "2014.11.23"]
[Round "3.2"]
[White "Zabka, Helge, Dr."]
[Black "Prenzlow, Michael"]
[Result "1/2-1/2"]
[WhiteElo "1648"]
[BlackElo "1816"]
[PlyCount "50"]
[EventType "team-tourn"]
[EventRounds "9"]
[WhiteTeam "SG Eintracht Neubrandenburg II"]
[BlackTeam "Putlitzer SV"]

1. Nf3 e6 2. g3 d5 3. Bg2 Nf6 4. O-O Be7 5. d3 O-O 6. Nbd2 c5 7. e4 Nc6 8. e5
Nd7 9. Qe2 Qc7 10. Re1 b5 11. Nf1 a5 12. Bf4 Ba6 13. h4 Rfc8 14. h5 b4 15. h6
g6 16. Ne3 Nb6 17. Ng4 c4 18. Bg5 Nd7 19. Qe3 Qd8 20. d4 Rab8 21. Bf1 Bxg5 22.
Nxg5 Qe7 23. Rad1 Rb6 24. Qf4 Nd8 25. Re3 a4 1/2-1/2

[Event "LLWestMV2014-15"]
[Site "?"]
[Date "2014.11.23"]
[Round "3.3"]
[White "Blume, Christian"]
[Black "Meyer, Detlef"]
[Result "1-0"]
[WhiteElo "1808"]
[BlackElo "1808"]
[PlyCount "83"]
[EventType "team-tourn"]
[EventRounds "9"]
[WhiteTeam "Putlitzer SV"]
[BlackTeam "SG Eintracht Neubrandenburg II"]

1. c4 Nf6 2. Nc3 d5 3. cxd5 Nxd5 4. g3 e5 5. Bg2 c6 6. Nf3 Bd6 7. O-O O-O 8. d3
Be6 9. Ng5 h6 10. Nxe6 fxe6 11. Ne4 Be7 12. Bh3 Qd7 13. Bd2 Na6 14. Qc1 Nf6 15.
Qc4 Nc7 16. Bc3 b5 17. Nxf6+ Bxf6 18. Qe4 Qd6 19. Rac1 Nd5 20. Bd2 Rfe8 21. Rc2
Rac8 22. Rfc1 Bd8 23. Qg6 Kf8 24. Bg2 Ne7 25. Qg4 c5 26. Be3 Bb6 27. Be4 Nd5
28. Bd2 Rc7 29. Bg6 Rec8 30. b3 Kg8 31. Be4 Nf6 32. Qg6 Nxe4 33. Qxe4 a5 34.
Bc3 Rf7 35. Bxe5 Qd5 36. Qxd5 exd5 37. e3 Re8 38. Bd6 c4 39. bxc4 bxc4 40. dxc4
d4 41. c5 d3 42. Rd2 1-0

[Event "LLWestMV2014-15"]
[Site "?"]
[Date "2014.11.23"]
[Round "3.6"]
[White "Sommer, Hans-Hermann"]
[Black "Philipp, Daniel"]
[Result "1-0"]
[WhiteElo "1654"]
[BlackElo "1611"]
[PlyCount "53"]
[EventType "team-tourn"]
[EventRounds "9"]
[WhiteTeam "SG Eintracht Neubrandenburg II"]
[BlackTeam "Putlitzer SV"]

1. e4 e6 2. Nf3 d5 3. e5 c5 4. b4 cxb4 5. d4 Nc6 6. a3 bxa3 7. Bd3 Qb6 8. O-O
Bd7 9. c3 Be7 10. Nxa3 Bxa3 11. Bxa3 Nge7 12. Ng5 h6 13. Qh5 g6 14. Qh3 Nf5 15.
g4 Nfe7 16. Rfb1 Qc7 17. Bd6 Qc8 18. Qh4 Ng8 19. Nf3 b6 20. Ba6 Qd8 21. Bb7
Qxh4 22. Nxh4 Rd8 23. Bc7 Na5 24. Bxd8 Nxb7 25. Bf6 Nxf6 26. exf6 Na5 27. Rxa5
1-0

[Event "LLWestMV2014-15"]
[Site "?"]
[Date "2014.11.23"]
[Round "3.7"]
[White "Gottschalk, Maik"]
[Black "Rehbein, Hans Juergen"]
[Result "0-1"]
[WhiteElo "1675"]
[BlackElo "1622"]
[PlyCount "84"]
[EventType "team-tourn"]
[EventRounds "9"]
[WhiteTeam "Putlitzer SV"]
[BlackTeam "SG Eintracht Neubrandenburg II"]

1. c4 Nf6 2. Nc3 g6 3. g3 Bg7 4. Bg2 O-O 5. d3 c6 6. e4 d6 7. Nge2 Na6 8. O-O
Rb8 9. Be3 b6 10. Nd4 Bb7 11. f4 e5 12. fxe5 dxe5 13. Nf3 Ng4 14. Qe2 Nxe3 15.
Qxe3 Qe7 16. a3 Nc5 17. Rad1 Ne6 18. Ne2 Rfd8 19. Bh3 Qc5 20. Qxc5 Nxc5 21. Nc1
a5 22. Ng5 f6 23. Nf3 Rd6 24. Bg2 Rbd8 25. Ne1 Bh6 26. b4 axb4 27. axb4 Na4 28.
Nb3 Nb2 29. Ra1 Be3+ 30. Kh1 Nxd3 31. Nc2 Nf2+ 32. Kg1 Ng4+ 33. Kh1 Rd3 34.
Rab1 Kg7 35. Bf3 Nh6 36. c5 bxc5 37. Nxe3 Rxe3 38. Nxc5 Bc8 39. Bd1 Rd2 40. Ra1
Ng4 41. Ra7+ Kh6 42. Ra1 Rxh2+ 0-1

[Event "LLWestMV2014-15"]
[Site "?"]
[Date "2014.11.23"]
[Round "3.8"]
[White "Sonnenberg, Uwe"]
[Black "Paetzke, Bernd"]
[Result "1/2-1/2"]
[WhiteElo "1592"]
[BlackElo "1443"]
[PlyCount "127"]
[EventType "team-tourn"]
[EventRounds "9"]
[WhiteTeam "SG Eintracht Neubrandenburg II"]
[BlackTeam "Putlitzer SV"]

1. c4 Nf6 2. Nc3 e6 3. e3 c6 4. Nf3 Be7 5. Be2 d5 6. d4 Nbd7 7. O-O O-O 8. a3
Qc7 9. c5 e5 10. dxe5 Nxe5 11. Nxe5 Qxe5 12. Qd4 Qc7 13. h3 Bf5 14. b4 Ne4 15.
Nxe4 Bxe4 16. Bb2 Bf6 17. Qd2 Qe7 18. Bd4 Rfe8 19. Rfe1 Be5 20. Bd3 Qf6 21.
Bxe4 dxe4 22. Rad1 h6 23. Qc3 Qe6 24. Bxe5 Qxe5 25. Qxe5 Rxe5 26. Rd4 Kf8 27.
Red1 Ke8 28. Kf1 Rc8 29. Rd7 Re7 30. R7d4 f5 31. Ke2 Rcc7 32. f3 exf3+ 33. gxf3
Re6 34. Rd6 Rce7 35. Rxe6 Rxe6 36. Rd4 Rg6 37. Kf2 Re6 38. a4 b6 39. cxb6 axb6
40. a5 c5 41. bxc5 bxc5 42. Rd5 c4 43. Rc5 Ra6 44. Rxc4 Rxa5 45. Rc3 Kf7 46.
Kg3 g5 47. h4 Kg6 48. Rc6+ Kh5 49. hxg5 hxg5 50. Rc4 Ra3 51. Kf2 g4 52. fxg4+
fxg4 53. Re4 Kh4 54. Re8 Ra2+ 55. Kg1 Kg3 56. Kf1 Kf3 57. Kg1 g3 58. Rf8+ Kxe3
59. Rf1 g2 60. Rb1 Kf3 61. Rc1 Ra3 62. Rb1 Kg3 63. Rc1 Ra8 64. Rc3+ 1/2-1/2

[Event "LLWestMV2014-15"]
[Site "?"]
[Date "2014.11.23"]
[Round "3.1"]
[White "Martens, Rolf-Dieter"]
[Black "Stadler, Bertino"]
[Result "1-0"]
[WhiteElo "1871"]
[BlackElo "1675"]
[PlyCount "111"]
[EventType "team-tourn"]
[EventRounds "9"]
[WhiteTeam "SV Einheit Schwerin"]
[BlackTeam "SV Empor Kuehlungsborn"]

1. e4 c5 2. Nf3 Nc6 3. d4 cxd4 4. Nxd4 e6 5. c4 d6 6. Nc3 Be7 7. Be2 Nf6 8. Be3
a6 9. O-O O-O 10. Qd2 Bd7 11. f4 Qc7 12. Rac1 Nxd4 13. Bxd4 Bc6 14. Bf3 Rfd8
15. Qf2 Rf8 16. Kh1 Nd7 17. Rfe1 Qa5 18. a3 Qd8 19. Re2 Bh4 20. g3 Be7 21. Rce1
e5 22. Be3 f5 23. Nd5 Bxd5 24. exd5 e4 25. Bg2 Rc8 26. Rc2 Nc5 27. Bf1 Nd7 28.
Bd4 Nf6 29. Bh3 Nd7 30. b4 Bf6 31. Bxf5 Bxd4 32. Be6+ Kh8 33. Qxd4 Rc7 34. Bxd7
Qxd7 35. Qxe4 Qa4 36. Qd3 b5 37. c5 a5 38. Rec1 Rfc8 39. c6 axb4 40. axb4 Qxb4
41. Re2 Qa5 42. Rce1 Rg8 43. Rb1 b4 44. Re6 Qc5 45. Qe4 Ra7 46. Re8 h6 47.
Rxg8+ Kxg8 48. Re1 Ra8 49. f5 Qc3 50. c7 Qxc7 51. Qxb4 Ra2 52. Qe4 Ra8 53. Qe6+
Kh8 54. f6 Rg8 55. Qe7 Qc3 56. f7 1-0

[Event "LLWestMV2014-15"]
[Site "?"]
[Date "2014.11.23"]
[Round "3.2"]
[White "Kornblum, Harry"]
[Black "Hess, Bernd"]
[Result "1/2-1/2"]
[WhiteElo "1870"]
[BlackElo "1743"]
[PlyCount "34"]
[EventType "team-tourn"]
[EventRounds "9"]
[WhiteTeam "SV Empor Kuehlungsborn"]
[BlackTeam "SV Einheit Schwerin"]

1. d4 Nf6 2. c4 e6 3. Nc3 d5 4. Nf3 Be7 5. Bf4 c6 6. e3 O-O 7. Bd3 dxc4 8. Bxc4
Bb4 9. O-O Bxc3 10. bxc3 Nd5 11. Qb3 Nxf4 12. exf4 Qf6 13. g3 Nd7 14. Rfe1 b5
15. Bxe6 fxe6 16. Rxe6 Qf5 17. Rxc6+ Kh8 1/2-1/2

[Event "LLWestMV2014-15"]
[Site "?"]
[Date "2014.11.23"]
[Round "3.3"]
[White "Fleischer, Matthias"]
[Black "Busz, Stephan"]
[Result "1-0"]
[WhiteElo "1719"]
[BlackElo "1887"]
[PlyCount "79"]
[EventType "team-tourn"]
[EventRounds "9"]
[WhiteTeam "SV Einheit Schwerin"]
[BlackTeam "SV Empor Kuehlungsborn"]

1. d4 g6 2. c4 Bg7 3. Nc3 c5 4. d5 d6 5. e4 e5 6. Bd3 Ne7 7. h4 h5 8. Nh3 Na6
9. a3 Bg4 10. Qb3 Qd7 11. f3 Bxh3 12. Rxh3 f5 13. Bg5 O-O 14. Qc2 f4 15. Rh1
Nc7 16. b4 b6 17. Ke2 Rfb8 18. Rag1 a6 19. g4 Kf7 20. gxh5 gxh5 21. Bxe7 Qxe7
22. Rg5 Rh8 23. Qa4 Bf6 24. Rf5 Ne8 25. Qc6 Ng7 26. Qxb6 Nxf5 27. exf5 cxb4 28.
Ne4 bxa3 29. Nxd6+ Kg7 30. Rg1+ Kh7 31. Ne4 Rhf8 32. Rg6 Rab8 33. Nxf6+ Rxf6
34. Qxb8 Rf8 35. Qb6 Qf7 36. Qxa6 Rg8 37. Qxa3 e4 38. Bxe4 Re8 39. Re6 Qg7 40.
f6+ 1-0

[Event "LLWestMV2014-15"]
[Site "?"]
[Date "2014.11.23"]
[Round "3.4"]
[White "Gipp, Thomas"]
[Black "Krieg, Peter"]
[Result "1/2-1/2"]
[WhiteElo "1859"]
[BlackElo "1713"]
[PlyCount "51"]
[EventType "team-tourn"]
[EventRounds "9"]
[WhiteTeam "SV Empor Kuehlungsborn"]
[BlackTeam "SV Einheit Schwerin"]

1. d4 Nf6 2. c4 e6 3. Nc3 Bb4 4. Qc2 O-O 5. e3 b6 6. Be2 Bb7 7. Bf3 d5 8. Nge2
Nbd7 9. O-O Rc8 10. cxd5 exd5 11. Qb3 Bxc3 12. Nxc3 c6 13. e4 Ba6 14. Re1 Bc4
15. Qa3 dxe4 16. Nxe4 Nxe4 17. Bxe4 Nf6 18. Bf5 Ra8 19. Bg5 Qd5 20. Qh3 g6 21.
Re5 Qd6 22. b3 Qxd4 23. Rae1 Rfe8 24. Bxf6 Rxe5 25. Bxe5 Qd2 26. Bc3 1/2-1/2

[Event "LLWestMV2014-15"]
[Site "?"]
[Date "2014.11.23"]
[Round "3.5"]
[White "Fleischer, Martin"]
[Black "Pross, Benjamin"]
[Result "1/2-1/2"]
[WhiteElo "1655"]
[BlackElo "1800"]
[PlyCount "142"]
[EventType "team-tourn"]
[EventRounds "9"]
[WhiteTeam "SV Einheit Schwerin"]
[BlackTeam "SV Empor Kuehlungsborn"]

1. e4 e6 2. Nf3 d5 3. exd5 exd5 4. d4 Nf6 5. Bd3 Bd6 6. Qe2+ Qe7 7. Qxe7+ Bxe7
8. Bf4 c6 9. h3 h6 10. Nbd2 Be6 11. O-O O-O 12. Rfe1 Nbd7 13. c3 Rac8 14. b4
Bd8 15. Bd6 Re8 16. a4 Bc7 17. Bxc7 Rxc7 18. a5 a6 19. g4 Nf8 20. Nh4 Rce7 21.
f3 g5 22. Ng2 Bc8 23. Rxe7 Rxe7 24. Kf2 Kg7 25. h4 Re8 26. hxg5 hxg5 27. Ne3
Ng6 28. Bxg6 Kxg6 29. Nb3 Re7 30. Nc5 Ne8 31. Rh1 Kg7 32. c4 dxc4 33. Nxc4 f6
34. Nb6 Nd6 35. Nxc8 Nxc8 36. Ne4 Re8 37. Rc1 Rd8 38. Nc5 Kg6 39. Nxb7 Rxd4 40.
Rxc6 Rxb4 41. Nc5 Ne7 42. Rxa6 Rb2+ 43. Kg3 Nd5 44. Ne4 Nf4 45. Rxf6+ Kg7 46.
Rxf4 gxf4+ 47. Kxf4 Ra2 48. g5 Rxa5 49. Kg4 Ra4 50. Kh5 Ra1 51. Ng3 Rg1 52.
Nf5+ Kh7 53. f4 Rh1+ 54. Kg4 Rg1+ 55. Ng3 Kg6 56. f5+ Kg7 57. Kf4 Kf7 58. g6+
Kf6 59. Ne4+ Kg7 60. Ng3 Kh6 61. Kg4 Kg7 62. Kf4 Kh6 63. Kf3 Ra1 64. Kf4 Re1
65. Kg4 Rg1 66. Kf3 Ra1 67. Kf4 Re1 68. Ne4 Kg7 69. Ke5 Re3 70. Kf4 Re1 71. Ng3
Kh6 1/2-1/2

[Event "LLWestMV2014-15"]
[Site "?"]
[Date "2014.11.23"]
[Round "3.7"]
[White "Moews, Harald"]
[Black "Prueter, Reinhard"]
[Result "1/2-1/2"]
[WhiteElo "1550"]
[BlackElo "1636"]
[PlyCount "89"]
[EventType "team-tourn"]
[EventRounds "9"]
[WhiteTeam "SV Einheit Schwerin"]
[BlackTeam "SV Empor Kuehlungsborn"]

1. e4 d6 2. d4 g6 3. f4 Bg7 4. c3 Nf6 5. e5 Nfd7 6. b4 O-O 7. Nf3 Nb6 8. a4 a5
9. b5 N8d7 10. Be2 c5 11. Bd2 dxe5 12. fxe5 cxd4 13. cxd4 Nd5 14. Na3 N7b6 15.
Nc4 Nxc4 16. Bxc4 Be6 17. Qb3 Rc8 18. O-O h6 19. Rac1 b6 20. h3 Rc7 21. Nh2 Qd7
22. Ng4 Rfc8 23. Ne3 Nxe3 24. Bxe6 fxe6 25. Rxc7 Rxc7 26. Bxe3 Qc8 27. Qd3 Kh7
28. Qe4 Rc4 29. h4 h5 30. Rf7 Rxa4 31. Qf4 Kg8 32. Rxe7 Qf8 33. Qxf8+ Kxf8 34.
Rxe6 Ra3 35. Kf2 Ra2+ 36. Kf3 Ra3 37. Ke4 Rb3 38. Rxb6 a4 39. Rxg6 Rxb5 40. Ra6
Rb4 41. g3 Ke8 42. Bf4 Bf8 43. Kd5 a3 44. Ke6 Rxd4 45. Bg5 1/2-1/2

[Event "LLWestMV2014-15"]
[Site "?"]
[Date "2014.11.23"]
[Round "3.8"]
[White "Silwedel, Bjoern"]
[Black "Bartusch, Klaus"]
[Result "1-0"]
[WhiteElo "1486"]
[BlackElo "1576"]
[PlyCount "83"]
[EventType "team-tourn"]
[EventRounds "9"]
[WhiteTeam "SV Empor Kuehlungsborn"]
[BlackTeam "SV Einheit Schwerin"]

1. e4 c6 2. d4 d5 3. exd5 cxd5 4. Nf3 Nc6 5. Be2 Bf5 6. c3 e6 7. Bf4 Bd6 8. Bg3
Nge7 9. Nh4 Bxg3 10. hxg3 Qb6 11. Qd2 Be4 12. f3 Bg6 13. Nxg6 Nxg6 14. f4 O-O-O
15. Na3 f6 16. O-O-O h6 17. Bg4 f5 18. Bf3 a6 19. Rde1 Rd6 20. Re2 Rf8 21. Qe1
Rf6 22. Kb1 Qc7 23. Qc1 Na5 24. Rc2 b5 25. b3 Rb6 26. Ka1 Rc6 27. c4 bxc4 28.
bxc4 Nxc4 29. Nxc4 Rxc4 30. Rxc4 Qxc4 31. Qxc4+ dxc4 32. Rc1 Rf7 33. Bh5 Rf6
34. Rxc4+ Kb7 35. Bf3+ Kb6 36. Rc6+ Kb5 37. Rc7 Rf8 38. Rxg7 Nh8 39. d5 exd5
40. Bxd5 Rd8 41. Bb3 Rd6 42. Rh7 1-0

[Event "LLWestMV2014-15"]
[Site "?"]
[Date "2014.11.23"]
[Round "3.1"]
[White "Arning, Norbert"]
[Black "Schreiber, Felix"]
[Result "1-0"]
[WhiteElo "1939"]
[BlackElo "1809"]
[PlyCount "41"]
[EventType "team-tourn"]
[EventRounds "9"]
[WhiteTeam "SV Malchower Schachinsel"]
[BlackTeam "SC Mecklenburger Springer"]

1. e4 c5 2. d4 cxd4 3. c3 dxc3 4. Nxc3 e6 5. Nf3 Nc6 6. Bc4 Be7 7. Qe2 d6 8.
O-O Nf6 9. e5 dxe5 10. Nxe5 O-O 11. Rd1 Qa5 12. Bf4 Nxe5 13. Bxe5 Nd7 14. Bg3
a6 15. Rac1 b5 16. Bd5 Ra7 17. Bxe6 fxe6 18. Qxe6+ Rf7 19. Nd5 Nb6 20. Nxe7+
Raxe7 21. Rd8+ 1-0

[Event "LLWestMV2014-15"]
[Site "?"]
[Date "2014.11.23"]
[Round "3.2"]
[White "Schreiber, Oliver"]
[Black "Schmidt, Joerg"]
[Result "0-1"]
[WhiteElo "1767"]
[BlackElo "1917"]
[PlyCount "64"]
[EventType "team-tourn"]
[EventRounds "9"]
[WhiteTeam "SC Mecklenburger Springer"]
[BlackTeam "SV Malchower Schachinsel"]

1. d4 Nf6 2. c4 d5 3. Nc3 c6 4. Bf4 dxc4 5. e3 Be6 6. Nf3 Nd5 7. Bg3 b5 8. Ng5
Nxc3 9. bxc3 Bf5 10. Qf3 e6 11. Bxb8 Qxb8 12. Qxc6+ Ke7 13. e4 Kf6 14. exf5
Kxg5 15. fxe6 Bd6 16. Rb1 a6 17. Qd7 Ra7 18. Qc6 fxe6 19. Qf3 Rf8 20. h4+ Kh6
21. Qg4 g6 22. h5 g5 23. Bxc4 Re7 24. O-O Rf4 25. Qd1 Rh4 26. g4 Bh2+ 27. Kg2
Qf4 28. Be2 Rf7 29. Qd3 Qd6 30. Qe3 Rf4 31. f3 Qd5 32. Kh1 Rfxg4 0-1

[Event "LLWestMV2014-15"]
[Site "?"]
[Date "2014.11.23"]
[Round "3.3"]
[White "Kuehn, Peter"]
[Black "Konrad, Andreas"]
[Result "1-0"]
[WhiteElo "1835"]
[BlackElo "1734"]
[PlyCount "115"]
[EventType "team-tourn"]
[EventRounds "9"]
[WhiteTeam "SV Malchower Schachinsel"]
[BlackTeam "SC Mecklenburger Springer"]

1. e4 c6 2. d4 d5 3. f3 dxe4 4. fxe4 Nf6 5. Nc3 Bg4 6. Be2 Bxe2 7. Ngxe2 e6 8.
O-O Nbd7 9. e5 Nd5 10. Ne4 Be7 11. N2g3 f5 12. exf6 N7xf6 13. Nxf6+ Bxf6 14.
Re1 Qd7 15. Qh5+ g6 16. Qg4 Nc7 17. c3 O-O-O 18. Ne4 Be7 19. Ng5 Bxg5 20. Bxg5
Rde8 21. Bf4 Rhf8 22. Re2 Rf7 23. Rae1 Rfe7 24. Be5 Qd5 25. b3 Qd7 26. c4 b6
27. b4 Kb7 28. a4 Rf7 29. b5 Rf5 30. Qe4 Re7 31. bxc6+ Qxc6 32. Qxc6+ Kxc6 33.
Bxc7 Kxc7 34. Rxe6 Rxe6 35. Rxe6 Kd7 36. Re3 Rf4 37. Rd3 Kd6 38. g3 Rf5 39. Kg2
h6 40. Rf3 Ra5 41. Ra3 a6 42. Rb3 Kc6 43. d5+ Kc5 44. d6 Kxd6 45. Rxb6+ Kc5 46.
Rxg6 Rxa4 47. Rxh6 Ra2+ 48. Kf3 Kxc4 49. g4 a5 50. g5 a4 51. g6 Ra3+ 52. Kf4
Ra1 53. Rh5 Rf1+ 54. Kg5 a3 55. Rh4+ Kb3 56. g7 Kb2 57. g8=Q Rg1+ 58. Rg4 1-0

[Event "LLWestMV2014-15"]
[Site "?"]
[Date "2014.11.23"]
[Round "3.5"]
[White "Schmidt, Robert"]
[Black "Schreiber, Nico"]
[Result "1-0"]
[WhiteElo "1698"]
[BlackElo "1706"]
[PlyCount "75"]
[EventType "team-tourn"]
[EventRounds "9"]
[WhiteTeam "SV Malchower Schachinsel"]
[BlackTeam "SC Mecklenburger Springer"]

1. e4 d5 2. exd5 Qxd5 3. Nc3 Qa5 4. d4 c6 5. Bc4 Bf5 6. Bd2 e6 7. Qe2 Bb4 8.
O-O-O Nf6 9. a3 Bxc3 10. Bxc3 Qd8 11. f3 Nd5 12. g4 Bg6 13. h4 h6 14. Nh3 Nd7
15. Bxd5 cxd5 16. Nf4 Nf8 17. Bb4 Bxc2 18. Qxc2 Rc8 19. Bc3 b5 20. Kb1 Qc7 21.
Nh5 f6 22. Qe2 Kf7 23. Bb4 Qb8 24. Rhe1 Rc6 25. Rc1 Rxc1+ 26. Rxc1 g6 27. Rc6
gxh5 28. Bxf8 Rxf8 29. Qxe6+ Kg7 30. gxh5 Qg3 31. Qf5 Rf7 32. Qxd5 Qxh4 33. Rc8
Qe1+ 34. Ka2 b4 35. f4 Qg3 36. axb4 Qg4 37. f5 Qd1 38. Qg2+ 1-0

[Event "LLWestMV2014-15"]
[Site "?"]
[Date "2014.11.23"]
[Round "3.7"]
[White "Wahrmann, Eric"]
[Black "Hopp, Peter"]
[Result "1-0"]
[WhiteElo "1481"]
[BlackElo "1629"]
[PlyCount "95"]
[EventType "team-tourn"]
[EventRounds "9"]
[WhiteTeam "SV Malchower Schachinsel"]
[BlackTeam "SC Mecklenburger Springer"]

1. d4 d5 2. e3 Nf6 3. Bd3 e6 4. f4 c5 5. c3 cxd4 6. exd4 Bd6 7. Nf3 Nc6 8. O-O
O-O 9. Ne5 Bd7 10. Nd2 Ne7 11. Qe2 Ng6 12. Ndf3 Bxe5 13. Nxe5 Ne8 14. Bd2 Nxe5
15. fxe5 f6 16. exf6 Rxf6 17. Qh5 g6 18. Qe5 Qe7 19. Bg5 Rxf1+ 20. Rxf1 Qg7 21.
Qf4 e5 22. dxe5 Nc7 23. Bh6 Ne6 24. Qe3 Qe7 25. Qg3 Re8 26. Rf6 Nf8 27. Bxf8
Rxf8 28. Rxf8+ Qxf8 29. Qe3 Bf5 30. Qd4 Bxd3 31. Qxd5+ Qf7 32. Qxd3 Qxa2 33.
Qd8+ Kg7 34. Qd7+ Kh6 35. Qxb7 Qb1+ 36. Kf2 Qf5+ 37. Qf3 Qc2+ 38. Qe2 Qf5+ 39.
Qf3 Qc2+ 40. Kg3 Qxb2 41. e6 Qb5 42. Qe3+ Kg7 43. Qxa7+ Kh6 44. Qe3+ g5 45. e7
Qe8 46. Qb6+ Kg7 47. Qd8 Qf7 48. Qf8+ 1-0

[Event "LLWestMV2014-15"]
[Site "?"]
[Date "2014.11.23"]
[Round "3.8"]
[White "Wittenburg, Philipp"]
[Black "Tamrazyan, Gohar"]
[Result "0-1"]
[WhiteElo "1507"]
[BlackElo "1424"]
[PlyCount "78"]
[EventType "team-tourn"]
[EventRounds "9"]
[WhiteTeam "SC Mecklenburger Springer"]
[BlackTeam "SV Malchower Schachinsel"]

1. d4 Nf6 2. Nf3 e6 3. g3 Be7 4. Bg2 c6 5. O-O O-O 6. c3 d5 7. Nbd2 Na6 8. Ne5
Nc7 9. Ndf3 Ne4 10. Qc2 Ne8 11. Nd2 N4d6 12. e4 Nf6 13. Re1 dxe4 14. Nxe4 Nfxe4
15. Bxe4 Nxe4 16. Qxe4 c5 17. Qg4 cxd4 18. cxd4 Re8 19. h4 f6 20. Nc4 e5 21.
Qe4 Qxd4 22. Qc2 Qg4 23. Qb3 Be6 24. Nxe5 fxe5 25. Qxb7 Bb4 26. Rf1 Reb8 27.
Qg2 Bc4 28. f3 Qd4+ 29. Rf2 Be1 30. Be3 Qxe3 31. Rxe1 Qxe1+ 32. Kh2 Bxa2 33.
Re2 Qa5 34. b4 Qxb4 35. Rxa2 a5 36. Qe2 Qb3 37. Rd2 a4 38. Qxe5 a3 39. Rd5 Qb2+
0-1